000 00918cam a22002534a 4500
001 13205480
005 20180216094013.0
008 030520s2003 dcu 000 0 eng
010 _a 2003011672
020 _a0309089034 (pbk.)
020 _a0309505879 (PDF)
040 _aDLC
_cDLC
_dDLC
041 _aeng
042 _apcc
080 _a616.80427 WAS
082 0 0 _a616.80427 WAS
_221
100 _a7
101 _aNEU
245 0 0 _aGuidelines for the care and use of mammals in neuroscience and behavioral research /
_cCommittee on Guidelines for the Use of Animals in Neuroscience and Behavioral Research.
504 _aIncludes bibliographical references (p. 150-174) and index.
906 _a7
_bcbc
_corignew
_d1
_eecip
_f20
_gy-gencatlg
942 _2ddc
_cBK
999 _c42848
_d42848